Jeremias|Egoist (lyrics) - Statistiken

Allgemein
  • Dieses Quiz wurde 60 mal gespielt
  • Das Durchschnittsergebnis liegt bei 178 aus 226
Antwortstatistiken
Hint Antwort % Korrekt
die
97%
Die
97%
bin
94%
dann
94%
Dann
94%
den
94%
1. Strophe Es
94%
es
94%
für
94%
Ich
94%
ich
94%
das
92%
Das
92%
der
92%
ein
92%
nicht
92%
um
92%
an
89%
Egoist
89%
Freiheit
89%
Geht
89%
Jede
89%
jede
89%
nichts
89%
sein
89%
war
89%
wer
89%
lieber
86%
mein
86%
und
86%
Und
86%
will
86%
zu
86%
Zu
86%
einer
83%
immer
83%
ist
83%
Refrain Jeder
83%
aber
81%
Kind
81%
Wind
81%
zur
81%
Hälfte
78%
so
78%
Viel
78%
Vorbild
78%
mich
75%
nur
75%
wie
75%
doch
72%
Geist
72%
kann
72%
weh
72%
2. Strophe Alles
69%
gut
69%
jetzt
69%
tut
69%
uns
69%
von
69%
ander‘n
67%
bleiben
67%
euch
67%
geh‘n
67%
glaub
67%
mag
67%
schlimmer
67%
wir
67%
sie
64%
wär‘s
64%
wenig
64%
werde
64%
auch
61%
bleibt
61%
Duft
61%
macht
61%
mir
61%
wann
61%
bringt
58%
Denn
58%
einfach
58%
Leute
58%
schreiben
58%
Straßen
58%
unsichtbar
58%
vorbei
58%
weiß
58%
noch
56%
Regel
56%
Zeit
56%
fremde
53%
fremden
53%
Gewohnheit
53%
laufen
53%
Luft
53%
mehr
53%
neuen
53%
sogar
53%
lass
50%
stumm
50%
steh‘n
47%
hab
44%
rennt
44%
verlier‘n
44%
endlich
42%
Stimmen
39%
wiederseh‘n
39%
verstanden
33%
Jaa
25%
Keine übereinstimmenden Quizze gefunden
Verteilung der Resultate
Anzahl Personen mit jedem Resultat
Perzentil nach korrekt beantworteten Fragen
Ihre Resultats-Entwicklung
Sie haben dieses Quiz noch nicht gespielt